[Event "Lagan Grey Kaspian Sea"]
[Site "Lagan"]
[Date "2008.08.04"]
[Round "2"]
[White "Papuev, Victor"]
[Black "Isaev, Felix"]
[Result "0-1"]
[WhiteElo "1763"]
[BlackElo "1718"]
[PlyCount "73"]
[EventDate "2008.08.02"]
[EventType "swiss"]
[EventRounds "6"]
[EventCountry "RUS"]
[SourceTitle "EXT 2022"]
[Source "ChessBase"]
[SourceDate "2021.10.06"]
[SourceVersion "1"]
[SourceVersionDate "2021.10.06"]
[SourceQuality "1"]

1. d4 d5 2. c4 e6 3. Nc3 Nf6 4. Bg5 Nbd7 5. e3 c6 6. Bd3 dxc4 7. Bxc4 Be7 8. Nge2 Qa5 9. Bxf6 Nxf6 10. 0-0 0-0 11. a3 Qh5 12. Ng3 Qh4 13. Be2 c5 14. dxc5 Bxc5 15. Bf3 Bd7 16. Nce4 Rfd8 17. Nxc5 Bb5 18. Qb3 Bxf1 19. Rxf1 Rac8 20. Nxb7 Rb8 21. Qc2 Rdc8 22. Qd2 Ng4 23. Bxg4 Qxg4 24. Na5 Qa4 25. h3 Rd8 26. Qc3 Rdc8 27. Qd2 Rd8 28. Qe2 Qxa5 29. Ne4 Qd5 30. f3 f5 31. Nc3 Qd3 32. Qf2 Qd2 33. e4 Qxb2 34. Qe3 Qb6 35. Qxb6 axb6 36. exf5 exf5 37. Rb1 0-1

[Event "Bashanta Summer"]
[Site "Gorodovikovsk"]
[Date "2008.07.??"]
[Round "7"]
[White "Gusev, Alex"]
[Black "Papuev, Victor"]
[Result "0-1"]
[WhiteElo "2133"]
[BlackElo "1763"]
[PlyCount "58"]
[EventDate "2008.07.16"]
[EventType "tourn"]
[EventRounds "9"]
[EventCountry "RUS"]
[SourceTitle "EXT 2022"]
[Source "ChessBase"]
[SourceDate "2021.10.06"]
[SourceVersion "1"]
[SourceVersionDate "2021.10.06"]
[SourceQuality "1"]

1. e4 c6 2. d4 d5 3. Nc3 e6 4. e5 c5 5. Nce2 cxd4 6. Nxd4 Nc6 7. Ngf3 Nge7 8. Bd3 Nxd4 9. Nxd4 Nc6 10. Nxc6 bxc6 11. 0-0 g6 12. f4 Be7 13. g4 Bd7 14. f5 gxf5 15. gxf5 Qb6+ 16. Kh1 0-0-0 17. fxe6 Bxe6 18. Qf3 h5 19. Be3 Bc5 20. Bxc5 Qxc5 21. b4 Qd4 22. Rfe1 h4 23. c3 Qb6 24. a4 Rhg8 25. a5 Qc7 26. Ba6+ Kb8 27. b5 c5 28. b6 Qc6 29. Qe2 d4+ 0-1